000 00380 a2200145 4500
005 20250305135804.0
020 _a0-7619-2553-8
082 _a300.722 YIN
100 _aYIN, R.K.
245 _aCase Study Research: Design and Methods.
250 _a3rd Ed
260 _aNew Delhi,
_bSage Publications,
_c2003
300 _axvi, 181p.: figure,
_bReferences, Index
_c21cm
942 _2ddc
_cBKS
999 _c9
_d9